German Football Clubs in 20/21 - Statistics

General Stats
  • This quiz has been taken 65 times
  • The average score is 35 of 56
Answer Stats
Verein % Correct
FC Bayern München
98%
FC Bayern München II
98%
Borussia Dortmund
97%
RB Leipzig
90%
Eintracht Frankfurt
86%
FC Schalke 04
86%
Hamburger SV
86%
Hertha Berlin
86%
VfL Wolfsburg
84%
1. FC Köln
83%
Bayer 04 Leverkusen
83%
Borussia Mönchengladbach
83%
FC Augsburg
83%
VfB Stuttgart
83%
Werder Bremen
81%
SC Freiburg
79%
1. FSV Mainz 05
76%
1. FC Union Berlin
74%
1. FC Nürnberg
72%
Dynamo Dresden
71%
Hannover 96
71%
Fortuna Düsseldorf
69%
Arminia Bielefeld
67%
Hansa Rostock
67%
SC Paderborn 07
67%
SpVgg Greuther Fürth
67%
TSG 1899 Hoffenheim
67%
FC Ingolstadt 04
64%
Holstein Kiel
64%
FC St. Pauli
62%
MSV Duisburg
62%
1. FC Kaiserslautern
60%
TSV 1860 München
60%
VfL Bochum
60%
Karlsruher SC
57%
Eintracht Braunschweig
55%
SV Darmstadt 98
55%
SSV Jahn Regensburg
53%
SV Sandhausen
52%
FC Erzgebirge Aue
50%
SV Waldhof Mannheim
50%
Würzburger Kickers
48%
1. FC Heidenheim
47%
VfL Osnabrück
45%
1. FC Magdeburg
41%
1. FC Saarbrücken
41%
SV Wehen Wiesbaden
34%
SpVgg Unterhaching
33%
VfB Lübeck
33%
FC Viktoria Köln
31%
Hallescher FC
31%
KFC Uerdingen 05
31%
FSV Zwickau
28%
SV Meppen
26%
Türkgücü München
24%
SC Verl
22%
No matching quizzes found
Score Distribution
Percent of People with Each Score
Percentile by Number Answered
Your Score History
You have not taken this quiz